[Event "XLV Badalona Open 2019"]
[Site "Badalona"]
[Date "2019.08.10"]
[Round "9.6"]
[White "Gelas, Christophe"]
[Black "Oliva Castaneda, Kevel"]
[Result "1/2-1/2"]
[WhiteElo "2317"]
[BlackElo "2467"]
[Annotator "ChessBase"]
[PlyCount "79"]
[EventDate "2019.08.02"]
[EventType "swiss"]
[EventCountry "ESP"]
[SourceTitle "playchess.com"]
[Source "ChessBase"]
[SourceQuality "1"]
[TimeControl "5400+30"]

1. d4 {[%emt 0:00:00]} Nf6 {[%emt 0:00:00]} 2. c4 {[%emt 0:00:00]} e6 {[%emt 0:00:00]} 3. Nc3 {[%emt 0:00:00]} Bb4 {[%emt 0:00:00]} 4. e3 {[%emt 0:00:00]} O-O {[%emt 0:00:26]} 5. Bd3 {[%emt 0:00:01]} d5 6. Nf3 {[%emt 0:00:20]} c5 {[%emt 0:03:01]} 7. O-O {[%emt 0:03:23]} Nc6 {[%emt 0:04:58]} 8. a3 {[%emt 0:00:09]} Bxc3 {[%emt 0:03:20]} 9. bxc3 {[%emt 0:00:06]} dxc4 {[%emt 0:01:47]} 10. Bxc4 {[%emt 0:15:31]} Qc7 {[%emt 0:01:08]} 11. Qe2 {[%emt 0:02:25]} e5 {[%emt 0:01:27]} 12. d5 {[%emt 0:00:25]} e4 {[%emt 0:02:21]} 13. dxc6 {[%emt 0:08:02]} exf3 {[%emt 0:00:27]} 14. Qxf3 Bg4 {[%emt 0:00:07]} 15. Qg3 {[%emt 0:16:40]} Qxc6 {[%emt 0:00:09]} 16. f3 Be6 17. Bxe6 {[%emt 0:04:11]} Qxe6 {[%emt 0:00:35]} 18. e4 {[%emt 0:05:33]} Rfd8 {[%emt 0:08:36]} 19. Bg5 h6 {[%emt 0:00:05]} 20. Bxf6 {[%emt 0:01:23]} Qxf6 {[%emt 0:04:58]} 21. f4 {[%emt 0:14:22]} Rd2 {[%emt 0:00:41]} 22. Qe3 {[%emt 0:00:33]} Rad8 {[%emt 0:14:09]} 23. Qxc5 {[%emt 0:00:52]} Qg6 {[%emt 0:01:03]} 24. Rf2 {[%emt 0:03:21]} Qxe4 {[%emt 0:02:42]} 25. Qxa7 {[%emt 0:04:33]} Rd1+ 26. Rxd1 {[%emt 0:00:05]} Rxd1+ {[%emt 0:00:33]} 27. Rf1 {[%emt 0:00:02]} Rd2 {[%emt 0:07:59]} 28. Rf2 Kh7 29. h3 {[%emt 0:04:05]} Rd1+ {[%emt 0:01:04]} 30. Rf1 {[%emt 0:02:02]} Rd3 {[%emt 0:00:48]} 31. Qc5 Rd2 {[%emt 0:04:09]} 32. Rf2 {[%emt 0:00:47]} Rd5 {[%emt 0:00:09]} 33. Qb6 {[%emt 0:01:29]} h5 {[%emt 0:00:42]} 34. Kh2 {[%emt 0:04:04]} Rd1 {[%emt 0:04:45]} 35. Qb5 {[%emt 0:03:14]} g6 {[%emt 0:05:11]} 36. Qe2 {[%emt 0:00:39]} Qd5 {[%emt 0:01:27]} 37. Qf3 {[%emt 0:03:05]} Qd7 {[%emt 0:00:59]} 38. f5 {[%emt 0:02:55]} Qc7+ {[%emt 0:02:08]} 39. g3 {[%emt 0:01:51]} Rd7 40. fxg6+ 1/2-1/2

[Event "XLV Badalona Open 2019"]
[Site "Badalona"]
[Date "2019.08.10"]
[Round "9.7"]
[White "Corrales Jimenez, Zenia"]
[Black "Munoz, Miguel"]
[Result "0-1"]
[WhiteElo "2212"]
[BlackElo "2511"]
[Annotator "ChessBase"]
[PlyCount "100"]
[EventDate "2019.08.02"]
[EventType "swiss"]
[EventCountry "ESP"]
[SourceTitle "playchess.com"]
[Source "ChessBase"]
[SourceQuality "1"]
[TimeControl "5400+30"]

1. e4 d5 {[%emt 0:01:29]} 2. exd5 {[%emt 0:03:14]} Qxd5 {[%emt 0:00:06]} 3. Nc3 {[%emt 0:00:00]} Qa5 {[%emt 0:00:05]} 4. d4 {[%emt 0:00:11]} Nf6 {[%emt 0:00:32]} 5. Nf3 {[%emt 0:00:38]} Bg4 {[%emt 0:01:03]} 6. h3 {[%emt 0:00:08]} Bxf3 {[%emt 0:00:07]} 7. Qxf3 {[%emt 0:02:23]} c6 {[%emt 0:00:12]} 8. Bd2 Nbd7 {[%emt 0:00:20]} 9. O-O-O {[%emt 0:05:17]} e6 {[%emt 0:00:14]} 10. Kb1 {[%emt 0:00:35]} Bb4 {[%emt 0:01:17]} 11. g4 {[%emt 0:00:23]} Bxc3 12. Qxc3 {[%emt 0:00:07]} Qxc3 {[%emt 0:01:24]} 13. Bxc3 {[%emt 0:02:11]} h5 {[%emt 0:09:26]} 14. Bg2 {[%emt 0:05:05]} O-O-O {[%emt 0:01:35]} 15. g5 Nd5 {[%emt 0:00:08]} 16. Bd2 {[%emt 0:00:42]} N7b6 {[%emt 0:00:09]} 17. b3 {[%emt 0:17:20]} Ne7 {[%emt 0:04:28]} 18. Bc3 {[%emt 0:09:18]} Nf5 {[%emt 0:05:10]} 19. Bb2 {[%emt 0:04:43]} Nd5 {[%emt 0:06:33]} 20. Be4 {[%emt 0:09:58]} Rd7 {[%emt 0:07:25]} 21. Bxf5 {[%emt 0:00:04]} exf5 {[%emt 0:00:51]} 22. Rde1 {[%emt 0:09:25]} Rhd8 {[%emt 0:01:01]} 23. Re5 {[%emt 0:01:03]} g6 {[%emt 0:00:56]} 24. h4 {[%emt 0:05:43]} Nf4 {[%emt 0:05:35]} 25. b4 {[%emt 0:04:13]} Rd5 {[%emt 0:02:44]} 26. Re7 {[%emt 0:00:25]} R5d7 {[%emt 0:01:21]} 27. Re5 {[%emt 0:03:00]} Rd6 {[%emt 0:06:33]} 28. Re7 Nd5 {[%emt 0:00:05]} 29. Rxf7 {[%emt 0:01:00]} Nxb4 {[%emt 0:00:43]} 30. Re1 {[%emt 0:05:32]} Nd5 {[%emt 0:01:50]} 31. c4 {[%emt 0:00:13]} Nf4 {[%emt 0:07:15]} 32. d5 Ng2 {[%emt 0:00:29]} 33. Ree7 {[%emt 0:01:27]} R6d7 {[%emt 0:08:23]} 34. Be5 {[%emt 0:07:33]} cxd5 {[%emt 0:00:30]} 35. c5 {[%emt 0:01:52]} d4 {[%emt 0:02:13]} 36. Rxd7 {[%emt 0:00:01]} Rxd7 {[%emt 0:00:30]} 37. Rf8+ {[%emt 0:00:02]} Rd8 {[%emt 0:00:01]} 38. Rf7 {[%emt 0:03:20]} Rd5 {[%emt 0:00:32]} 39. Bd6 b6 {[%emt 0:00:30]} 40. Rxa7 {[%emt 0:01:38]} bxc5 {[%emt 0:00:23]} 41. Be7 {[%emt 0:01:07]} Nxh4 {[%emt 0:05:24]} 42. Ra6 {[%emt 0:00:21]} Kd7 {[%emt 0:01:19]} 43. Bf8 {[%emt 0:00:05]} c4 {[%emt 0:01:00]} 44. Bg7 {[%emt 0:00:58]} f4 {[%emt 0:03:04]} 45. Rf6 {[%emt 0:00:29]} d3 {[%emt 0:02:11]} 46. Kc1 {[%emt 0:00:22]} c3 {[%emt 0:00:14]} 47. Rf7+ {[%emt 0:00:24]} Ke6 {[%emt 0:00:41]} 48. Rc7 {[%emt 0:00:09]} c2 {[%emt 0:00:21]} 49. Bc3 {[%emt 0:00:25]} Nf3 {[%emt 0:00:15]} 50. Rc4 {[%emt 0:01:08]} Rxg5 {[%emt 0:01:21]} 0-1

[Event "XLV Badalona Open 2019"]
[Site "Badalona"]
[Date "2019.08.10"]
[Round "9.8"]
[White "Bru Rullo, Samuel"]
[Black "Bedoya Rosales, Luis"]
[Result "1/2-1/2"]
[WhiteElo "1867"]
[BlackElo "1924"]
[Annotator "NA"]
[PlyCount "36"]
[EventDate "2019.08.02"]
[EventType "swiss"]
[EventCountry "ESP"]
[SourceTitle "playchess.com"]
[Source "ChessBase"]
[SourceQuality "1"]
[TimeControl "5400+30"]

1. d4 {[%emt 0:00:00]} g6 {[%emt 0:00:00]} 2. c4 {[%emt 0:00:00]} Bg7 {[%emt 0:00:00]} 3. Nc3 {[%emt 0:00:12]} Nf6 4. e4 {[%emt 0:00:22]} d6 {[%emt 0:00:23]} 5. h3 {[%emt 0:00:45]} O-O {[%emt 0:01:02]} 6. Nf3 {[%emt 0:01:01]} Na6 {[%emt 0:00:51]} 7. Be3 {[%emt 0:00:08]} c5 {[%emt 0:04:42]} 8. d5 {[%emt 0:00:07]} e6 {[%emt 0:02:57]} 9. Bd3 {[%emt 0:00:09]} exd5 {[%emt 0:06:54]} 10. exd5 {[%emt 0:00:09]} Re8 {[%emt 0:07:09]} 11. O-O Nc7 12. Qd2 a6 13. a4 b6 14. Rfe1 Rb8 15. Bh6 Bd7 16. Bxg7 Kxg7 17. Rxe8 Qxe8 18. Re1 Qd8 1/2-1/2

[Event "XLV Badalona Open 2019"]
[Site "Badalona"]
[Date "2019.08.10"]
[Round "9.9"]
[White "Lozano Ruiz, David"]
[Black "Malonda Rey, Albert"]
[Result "0-1"]
[WhiteElo "1882"]
[BlackElo "1758"]
[Annotator "NA"]
[PlyCount "35"]
[EventDate "2019.08.02"]
[EventType "swiss"]
[EventCountry "ESP"]
[SourceTitle "playchess.com"]
[Source "ChessBase"]
[SourceQuality "1"]
[TimeControl "5400+30"]

1. d4 {[%emt 0:00:00]} Nf6 {[%emt 0:00:00]} 2. c4 {[%emt 0:00:00]} g6 {[%emt 0:00:00]} 3. Nc3 {[%emt 0:00:00]} Bg7 {[%emt 0:00:00]} 4. e4 {[%emt 0:00:00]} d6 5. f3 O-O {[%emt 0:00:41]} 6. Be3 {[%emt 0:00:00]} e5 {[%emt 0:01:23]} 7. Nge2 {[%emt 0:01:13]} a5 {[%emt 0:05:03]} 8. Qd2 {[%emt 0:00:23]} Be6 {[%emt 0:00:10]} 9. d5 {[%emt 0:00:21]} Bd7 {[%emt 0:00:35]} 10. g4 {[%emt 0:00:19]} h5 {[%emt 0:03:54]} 11. h3 {[%emt 0:01:20]} Na6 {[%emt 0:05:24]} 12. Bg5 {[%emt 0:01:08]} Qb8 {[%emt 0:06:44]} 13. Ng3 Nh7 {[%emt 0:01:05]} 14. gxh5 {[%emt 0:03:45]} Nxg5 {[%emt 0:00:45]} 15. Qxg5 {[%emt 0:01:23]} Qd8 {[%emt 0:00:13]} 16. Qxd8 {[%emt 0:09:20]} Raxd8 17. O-O-O {[%emt 0:00:02]} Bh6+ {[%emt 0:01:05]} 18. Kb1 0-1

[Event "XLV Badalona Open 2019"]
[Site "Badalona"]
[Date "2019.08.10"]
[Round "9.10"]
[White "Walter Travella, German"]
[Black "Jimenez Molina, Victor"]
[Result "1/2-1/2"]
[WhiteElo "1940"]
[BlackElo "1592"]
[Annotator "NA"]
[PlyCount "92"]
[EventDate "2019.08.02"]
[EventType "swiss"]
[EventCountry "ESP"]
[SourceTitle "playchess.com"]
[Source "ChessBase"]
[SourceQuality "1"]
[TimeControl "5400+30"]

1. e4 e6 2. d4 c5 3. Nf3 cxd4 4. Nxd4 a6 5. Bd3 Qc7 6. Be3 Nf6 7. Qd2 Ng4 8. Bf4 e5 9. Bg3 d6 10. Nf3 Nc6 11. c3 Be7 12. Na3 O-O 13. Nc2 Qb6 14. h3 Nf6 15. Ne3 Be6 16. Bh4 Rad8 17. Bxf6 Bxf6 18. Nd5 Bxd5 19. exd5 Ne7 20. Be4 Ng6 21. g3 Ne7 22. g4 g6 23. O-O-O Bg7 24. Rdg1 Rc8 25. h4 Rc4 26. Bc2 Qc5 27. Bb3 Rf4 28. Rg3 f5 29. g5 b5 30. Kb1 a5 31. a3 b4 32. cxb4 axb4 33. Rc1 Qa5 34. axb4 Qxb4 35. Qxb4 Rxb4 36. Nd2 Rfb8 37. Rc7 Kf8 38. Rgc3 Rxh4 39. Rd7 Rd4 40. Kc2 Nxd5 41. Bxd5 Rxd5 42. b4 e4 43. Rcc7 Be5 44. Nc4 Re8 45. Nxe5 Rdxe5 46. Rf7+ Kg8 1/2-1/2